[Event "EU-ch Silent"]
[Site "Lvov"]
[Date "2019.07.20"]
[Round "7"]
[White "Kuzerbayev, Yeldos"]
[Black "Svec, Darko"]
[Result "0-1"]
[WhiteElo "1383"]
[BlackElo "1895"]
[PlyCount "94"]
[EventDate "2019.07.16"]
[EventType "swiss"]
[EventRounds "7"]
[EventCountry "UKR"]
[SourceTitle "CBM 191 Extra"]
[Source "ChessBase"]
[SourceDate "2019.09.30"]
[SourceVersion "1"]
[SourceVersionDate "2019.09.30"]
[SourceQuality "1"]

1. d4 Nf6 2. Nf3 g6 3. g3 Bg7 4. Bg2 0-0 5. 0-0 d5 6. c3 Bf5 7. Re1 Qc8 8. Nbd2 Ne4 9. Nh4 Nxd2 10. Nxf5 gxf5 11. Bxd2 e6 12. Qc1 f6 13. f3 c5 14. e3 Nd7 15. Qd1 Re8 16. e4 fxe4 17. fxe4 dxe4 18. Bxe4 f5 19. Bg2 cxd4 20. cxd4 Bxd4+ 21. Kh1 Rb8 22. Rc1 Qd8 23. Bc3 Bxc3 24. Rxc3 Nf6 25. Qb3 Qd6 26. Rce3 Kf7 27. Rd3 Qa6 28. Bf1 Qa5 29. Rde3 Qd5+ 30. Bg2 Qxb3 31. Rxb3 b6 32. Bf3 Rbd8 33. a3 Rd6 34. Rc3 Re7 35. b4 e5 36. Kg1 e4 37. Be2 Nd5 38. Bc4 Kf6 39. Bxd5 Rxd5 40. Rce3 h5 41. R1e2 Red7 42. h4 Rd3 43. Kf2 Ke5 44. Kf1 Rxe3 45. Rxe3 Rd3 46. Ke2 Rxe3+ 47. Kxe3 b5 0-1